000 00460nam a2200193 a 4500
001 6532
003 CO-ViMGA
008 141112s2004 ck r 000 u spa d
040 _aCO-ViMGA
_bspa
_cCO-ViMGA
082 0 4 _a157.38 T377
100 1 _aTerrass, Stephen
_95370
245 1 0 _aEstres
260 _aMadrid :
_bTutor,
_c1994
300 _a126 p
490 _aMejore su salud con la dieta
650 1 4 _aESTRES
_95284
650 1 4 _aFATIGA
942 _2ddc
_cBK
999 _c18502
_d18502